[Event "Steling Colonial op 6th"]
[Site "Sterlig"]
[Date "2025.04.17"]
[Round "1"]
[White "Shetty, Saharsh Darsh"]
[Black "Steincamp, Isaac K"]
[Result "0-1"]
[WhiteElo "1867"]
[BlackElo "1960"]
[PlyCount "94"]
[EventDate "2025.04.17"]
[EventType "swiss"]
[EventRounds "7"]
[EventCountry "USA"]
[SourceTitle "CB17_2025"]
[SourceDate "2025.04.23"]
[SourceVersion "1"]
[SourceVersionDate "2025.04.23"]
[SourceQuality "1"]

1. e4 c5 2. Nf3 g6 3. d4 cxd4 4. Nxd4 Nc6 5. Nc3 Bg7 6. Be3 Nf6 7. Be2 0-0 8. 0-0 d6 9. Nb3 Be6 10. f4 Na5 11. e5 Ne8 12. Nxa5 Qxa5 13. exd6 Nxd6 14. Bd4 Rfd8 15. Bxg7 Nf5 16. Qc1 Kxg7 17. Bd3 Rac8 18. Kh1 h5 19. Qe1 Rd7 20. Rd1 Rcd8 21. Qf2 b6 22. Rde1 Qb4 23. Ne4 Bc4 24. a3 Qb5 25. Bxc4 Qxc4 26. Ng3 Nxg3+ 27. Qxg3 e6 28. c3 Rd2 29. Qg5 R8d5 30. Qe7 Rxb2 31. Qxa7 Rdd2 32. Qb7 Rxg2 33. Qxg2 Rxg2 34. Kxg2 Qxc3 35. Ra1 f6 36. Rfc1 Qd2+ 37. Kf3 Qxh2 38. Rh1 Qb2 39. Ke3 Qc3+ 40. Kf2 e5 41. fxe5 Qxe5 42. Rhe1 Qb2+ 43. Kg3 g5 44. Kf3 Kg6 45. a4 h4 46. Reb1 Qc3+ 47. Kg2 g4 0-1

[Event "US op 124th"]
[Site "Norfolk"]
[Date "2024.08.04"]
[Round "9"]
[White "Shetty, Saharsh Darsh"]
[Black "Johnson, Donald"]
[Result "0-1"]
[WhiteElo "1852"]
[BlackElo "2244"]
[PlyCount "94"]
[EventDate "2024.07.27"]
[EventType "swiss"]
[EventRounds "9"]
[EventCountry "USA"]
[SourceTitle "EXT 2025"]
[Source "ChessBase"]
[SourceDate "2024.10.14"]
[SourceVersion "1"]
[SourceVersionDate "2024.10.14"]
[SourceQuality "1"]

1. e4 c5 2. Nf3 d6 3. d4 cxd4 4. Nxd4 Nf6 5. Nc3 a6 6. Be2 e5 7. Nb3 Be7 8. 0-0 0-0 9. Be3 Be6 10. a4 Nc6 11. a5 Bxb3 12. cxb3 Nxa5 13. Nd5 Nc6 14. f3 Nxd5 15. Qxd5 Bg5 16. Bf2 Qc7 17. Rfd1 Rfd8 18. Qd3 Rac8 19. Qc3 Qe7 20. Bb6 Nd4 21. Qd3 Nxe2+ 22. Qxe2 Rf8 23. Qd3 Rc6 24. Ba5 Qe6 25. Qd5 Qh6 26. Qd3 Be3+ 27. Kh1 Rfc8 28. Bc3 Bf4 29. h3 Qg5 30. Qf1 Qg3 31. Qg1 h6 32. Rd5 Rxc3 33. bxc3 Rxc3 34. b4 Rxf3 35. b5 Qh4 36. Qe1 Rxh3+ 37. gxh3 Qxh3+ 38. Kg1 Be3+ 39. Qxe3 Qxe3+ 40. Kh2 Qf4+ 41. Kh3 Qxe4 42. Rxd6 axb5 43. Ra8+ Kh7 44. Rdd8 b4 45. Rh8+ Kg6 46. Rad8 b3 47. Rd6+ f6 0-1

[Event "IND-ch U15"]
[Site "Sangli"]
[Date "2023.11.27"]
[Round "8"]
[White "Guru Prakash, A."]
[Black "Shetty, Saharsh Darsh"]
[Result "1/2-1/2"]
[WhiteElo "1783"]
[BlackElo "1661"]
[PlyCount "30"]
[EventDate "2023.11.25"]
[EventType "swiss"]
[EventRounds "8"]
[EventCountry "IND"]
[SourceTitle "EXT 2025"]
[Source "ChessBase"]
[SourceDate "2024.10.14"]
[SourceVersion "1"]
[SourceVersionDate "2024.10.14"]
[SourceQuality "1"]

1. e4 c5 2. Nf3 g6 3. d4 cxd4 4. Nxd4 Nc6 5. Nc3 Bg7 6. Nxc6 bxc6 7. Bc4 e6 8. 0-0 d5 9. exd5 cxd5 10. Nxd5 Ne7 11. Nxe7 Qxe7 12. Bb5+ Bd7 13. Qxd7+ Qxd7 14. Bxd7+ Kxd7 15. Rd1+ Kc6 1/2-1/2